Fr. Conceicao Rodrigues College of Engineering

TCP/IP Illustrated Vol 2 (Record no. 31080)

MARC details
000 -LEADER
fixed length control field 00329nam a2200157Ia 4500
082 ## - DEWEY DECIMAL CLASSIFICATION NUMBER
Classification number 4.62
Item number WRI/STE
100 ## - MAIN ENTRY--PERSONAL NAME
Personal name Wright/ Stevens
245 ## - TITLE STATEMENT
Title TCP/IP Illustrated Vol 2
260 ## - PUBLICATION, DISTRIBUTION, ETC.
Name of publisher, distributor, etc. ADDISON WESLEY
Place of publication, distribution, etc. Reading
Date of publication, distribution, etc. 1994
300 ## - PHYSICAL DESCRIPTION
Extent 1174
490 ## - SERIES STATEMENT
Volume/sequential designation 2
546 ## - LANGUAGE NOTE
Language note ENGLISH
654 ## - SUBJECT ADDED ENTRY--FACETED TOPICAL TERMS
Focus term TCP/IP
942 ## - ADDED ENTRY ELEMENTS (KOHA)
Koha item type BOOK
Holdings
Withdrawn status Lost status Damaged status Not for loan Collection Home library Current library Shelving location Date acquired Total Checkouts Full call number Barcode Date last seen Price effective from Koha item type
        CRC Fr. Agnel's C.Rodrigues College of Engineering Fr. Agnel's C.Rodrigues College of Engineering   17/03/2023   4.62 WRI/STE 9280 17/03/2023 17/03/2023 BOOK